Представление документа в формате RUSMARC

ПолеНазваниеЗначение
  Тип записи a
  Библиографический уровень a
001 Контрольный номер RU/УОНБ/EK_Kray/623858475
005 Дата корректировки 20240131005023.2
100 Данные общей обработки __
a Данные общей обработки 20191008d2019 ||| 0rusy0189 ca
101 Язык документа 0_
a Язык текста rus
102 Страна публикации __
a Страна публикации RU
105 Кодированные данные (монография) __
a Кодированные данные (монография) y###||||000|y
200 Заглавие и сведения об ответственности 1_
a Заглавие Звучащая над Волгой лира
215 Физическое описание __
c Иллюстрации/тип воспроизводства 8 фот.
330 Аннотация __
a Аннотация Презентация аудиосборника стихотворений ульяновских поэтов "Звучащая над Волгой лира" в областной библиотеке для слепых.
461 Уровень набора _0
1 2000
a Симбирскъ
1 011
463 Уровень физической единицы _0
1 001RU/УОНБ/EK_Kray/623675226
1 2000
a № 7
v С. 39
1 210
d 2019
601 Наименование организации как предмет 02
a Наименование организации как предмет Ульяновская областная специальная библиотека для слепых
610 Ключевые слова 0_
a Ключевые слова аудиокнига
610 Ключевые слова 0_
a Ключевые слова библиотека для слепых
686 Индексы других классификаций __
a Классификационный индекс 78.340.679
2 Код системы rubbk
801 Источник записи _0
a Страна RU
b Организация Ульяновская ОНБ
c Дата составления 20191008
g Правила каталогизации RCR
801 Источник записи _1
a Страна RU
b Организация Ульяновская ОНБ
c Дата составления 20191008
g Правила каталогизации RCR
901 Тип документа __
t Тип документа b
w Контрольный № источника RU/УОНБ/EK_Kray/623675226
909 Создатель записи __
a Создатель записи Бороденкова
938 Служебная информация __
a Имя БД kraeved_work
b Имя библиотеки УОНБ
c Имя АИБС МАРК-SQL
d Номер DOC_ID в БД 137756